Statistics for ヨンサントオ改正後の国鉄特急列車名

Click here to take the quiz!

General Stats

  • This quiz has been taken 420 times
  • The average score is 27 of 45

Answer Stats

Answer% Correct
つばめ
86%
あずさ
84%
はやぶさ
84%
とき
84%
雷鳥
82%
あさま
81%
さくら
80%
つばさ
79%
しなの
78%
北斗
77%
富士
77%
かもめ
76%
ひだ
72%
白鳥
71%
くろしお
71%
にちりん
70%
はくたか
67%
やまびこ
66%
やくも
66%
おおぞら
65%
あさかぜ
64%
みずほ
64%
はつかり
63%
なは
62%
しらさぎ
61%
あかつき
61%
ゆうづる
61%
はくつる
59%
みどり
58%
日本海
52%
はと
48%
ひばり
48%
まつかぜ
46%
あいづ
45%
有明
44%
彗星
40%
うずしお
40%
おおとり
34%
明星
32%
しおじ
32%
金星
31%
やまばと
31%
北海
26%
月光
24%
日向
20%

Score Distribution

Percentile by Number Answered

Percent of People with Each Score

Your Score History

You have not taken this quiz